|
|
|
|
| LEADER |
00000nab a2200000 a 4500 |
| 001 |
vtls000108532 |
| 003 |
SK-MaSNL |
| 005 |
20260303024308.0 |
| 008 |
111104c1981 xo 0 slo |
| 015 |
|
|
|a SNBRB19rr/mm-uuuuu
|
| 035 |
|
|
|a CL0118635
|
| 040 |
|
|
|a SNKBUCL
|b slo
|c SNKBUCL
|e AACR2
|
| 041 |
0 |
|
|a slo
|
| 044 |
|
|
|a xo
|c SK
|
| 080 |
|
|
|a 82.09:82(091):840(048)
|2 1981
|
| 080 |
|
|
|a 82(091)
|2 1981
|
| 080 |
|
|
|a 840(048)
|2 1981
|
| 080 |
|
|
|a 885.4(091)(048)
|2 1981
|
| 080 |
|
|
|a 840(091)(048)
|2 1981
|
| 080 |
|
|
|a 885.4-4(048)
|2 1981
|
| 100 |
0 |
|
|a -bch-
|4 aut
|9 853800
|
| 245 |
1 |
0 |
|a Svieže eseje
|c -bch-
|
| 650 |
0 |
7 |
|a francúzska literatúra
|2 SNKPH
|9 1186
|
| 650 |
0 |
7 |
|a francúzski spisovatelia
|2 SNKPH
|9 66466
|
| 650 |
0 |
7 |
|a eseje
|2 SNKPH
|9 144629
|
| 655 |
|
7 |
|a recenzie
|2 SNKPH
|9 21907
|
| 655 |
|
7 |
|a články z odboru literárna veda a krásna literatúra
|2 snkbucl
|9 770045
|
| 655 |
|
7 |
|a články z novín a časopisov
|2 SNK
|9 267496
|
| 773 |
0 |
|
|t Nové knihy
|g Č. 44 (1981), s. 4
|
| 787 |
0 |
8 |
|i Rec.:
|a Bartko, Michal
|t Portrétne štúdie
|d Bratislava : Slovenský spisovateľ, 1981
|
| 850 |
|
|
|a Slovenská národná knižnica v Martine
|a MTA001
|
| 852 |
|
|
|a SNK
|b KIS3GCP
|
| 958 |
|
|
|a RK
|
| 958 |
|
|
|a LX
|
| 992 |
|
|
|a RBX
|
| 999 |
|
|
|c 1639637
|d 1641567
|